000 00228 a2200097 4500
001 19513
100 _aMeidl J H
245 _aExplosive and Taxic Hazardous Materials
260 _a
_bGlencoe Press
_c1972
090 _c14256
_d14256
942 _aNUST-CAE
_cM
_c4732
999 _c254586
_d254586